000 00269nam a2200109Ia 4500
008 190216s9999||||xx |||||||||||||| ||und||
100 _aGoyal Sp-Mehrotra H C
245 0 _aWealth Tax And Central Sales Tax
260 _bSahithya Bhavan
650 _aCommerce
942 _cBK
999 _c5865
_d5865